000 00536nam a2200193 a 4500
001 1771665202740
003 YourLibrary
005 20260221144452.0
008 260221s1998##################000#0#eng##
020 _a9780792348894
082 0 4 _a338.47660094
_bHOM
100 1 _aHomburg, Ernst,
_eauthor.
245 1 0 _aThe Chemical Industry in Europe, 1850–1914 :
260 _bSpringer Science & Business Media,
_c1998.
300 _a360 pages
650 0 _aScience.
942 _cENGLISH
040 _aYourLibrary
_beng
_cYourLibrary
999 _c615141
_d615141